|
|
|
|
| LEADER |
00000cam a22000004a 4500 |
| 001 |
musev2_34859 |
| 003 |
MdBmJHUP |
| 005 |
20230905043653.0 |
| 006 |
m o d |
| 007 |
cr||||||||nn|n |
| 008 |
140923r20142010enk o 00 0 eng d |
| 020 |
|
|
|a 9781909831490
|
| 020 |
|
|
|z 0853154600
|
| 020 |
|
|
|z 9780853154600
|
| 035 |
|
|
|a (OCoLC)899261386
|
| 040 |
|
|
|a MdBmJHUP
|c MdBmJHUP
|
| 050 |
|
4 |
|a HX39.5
|b .A21339 1983
|
| 100 |
1 |
|
|a Marx, Karl,
|d 1818-1883,
|e author.
|
| 240 |
1 |
0 |
|a Works.
|l English.
|f 1983
|
| 245 |
1 |
0 |
|a Marx & Engels Collected Works Vol 39 :
|b Marx and Engels:1852-1855 /
|n Volume 39,
|p Letters, 1852-55.
|p Letters, 1852-55.
|n Volume 39,
|
| 264 |
|
1 |
|a Baltimore, Maryland :
|b Project Muse,
|c 2014
|
| 264 |
|
3 |
|a Baltimore, Md. :
|b Project MUSE,
|c 2015
|
| 264 |
|
4 |
|c ©2014
|
| 300 |
|
|
|a 1 online resource (797 pages).
|
| 336 |
|
|
|a text
|b txt
|2 rdacontent
|
| 337 |
|
|
|a computer
|b c
|2 rdamedia
|
| 338 |
|
|
|a online resource
|b cr
|2 rdacarrier
|
| 500 |
|
|
|a Issued as part of book collections on Project MUSE.
|
| 504 |
|
|
|a Includes bibliographical references and indexes.
|
| 506 |
|
|
|a Access restricted to authorized users and institutions.
|
| 588 |
|
|
|a Description based on print version record.
|
| 600 |
1 |
0 |
|a Marx, Karl,
|d 1818-1883
|v Correspondence.
|
| 600 |
1 |
0 |
|a Engels, Friedrich,
|d 1820-1895
|v Correspondence.
|
| 650 |
|
0 |
|a Socialism.
|
| 650 |
|
0 |
|a Economics.
|
| 655 |
|
7 |
|a Electronic books.
|2 local
|
| 700 |
1 |
2 |
|a Engels, Friedrich,
|d 1820-1895,
|e author.
|
| 710 |
2 |
|
|a Project Muse,
|e distributor.
|
| 776 |
1 |
8 |
|i Print version:
|z 0853154600
|z 9780853154600
|
| 710 |
2 |
|
|a Project Muse.
|e distributor
|
| 830 |
|
0 |
|a Book collections on Project MUSE.
|
| 856 |
4 |
0 |
|z Texto completo
|u https://projectmuse.uam.elogim.com/book/34859/
|
| 945 |
|
|
|a Project MUSE - Custom Collection
|
| 945 |
|
|
|a Project MUSE - Karl Marx and Frederick Engels: Collected Works
|